[Event "Crema op 05th"]
[Site "Crema"]
[Date "2003.09.07"]
[Round "6"]
[White "Frova, Martino"]
[Black "Albrizio, Mauro"]
[Result "1/2-1/2"]
[WhiteElo "1600"]
[BlackElo "1455"]
[PlyCount "100"]
[EventDate "2003.09.05"]
[EventType "swiss"]
[EventRounds "6"]
[EventCountry "ITA"]
[SourceTitle "EXT 2007"]
[Source "ChessBase"]
[SourceDate "2006.11.23"]
[SourceVersion "1"]
[SourceVersionDate "2006.11.23"]
[SourceQuality "1"]

1. e4 e6 2. d4 d5 3. e5 c5 4. c3 Bd7 5. Nf3 Qb6 6. b3 cxd4 7. cxd4 Bb5 8. Be2 Bxe2 9. Qxe2 Ne7 10. 0-0 Nf5 11. Bb2 Nc6 12. Rd1 Be7 13. g4 Nh4 14. Nxh4 Bxh4 15. Na3 a6 16. Nc2 0-0 17. f4 Rac8 18. g5 Ne7 19. Ne3 Nf5 20. Nxf5 exf5 21. Kg2 h6 22. Ba3 Rfe8 23. Bd6 hxg5 24. Qd3 g6 25. Bc5 Qd8 26. fxg5 Qxg5+ 27. Kh1 Qg4 28. Rg1 Qe4+ 29. Qxe4 fxe4 30. Raf1 Be7 31. Bxe7 Rxe7 32. Rf6 Kg7 33. Rd6 Rc2 34. Rxd5 Rxa2 35. Re1 Rb2 36. Rxe4 Rxb3 37. Re2 Rd3 38. Rd6 Rc3 39. Kg2 Rc6 40. Rxc6 bxc6 41. Rc2 Re6 42. Kf3 Kf8 43. Kf4 Kg7 44. Ra2 f6 45. Rxa6 fxe5+ 46. dxe5 Kf7 47. Ra7+ Re7 48. Rxe7+ Kxe7 49. Kg5 c5 50. Kf4 Ke6 1/2-1/2